000 00659nas a2200229 4500
001 BR9902773
003 BR-BrBNA
005 20231205101421.0
007 ta
008 230509b bl.|||p| |||| 00| 00por d
040 _aBR-BrBNA
_bpor
_cBiblioteca Nacional de Agricultura
041 _a(En)
072 _aH20
100 1 _aFreire, F.C.O.
245 1 _aThe taxonomic position of the cashew black mould agent
650 _aCaju
650 _aMofo Preto
650 _aCeara
773 0 _tFitopatologia Brasileira (Brazil)
_xISSN 0100-4158
_g(Dec 1998), v. 23(4) p. 477-479
_wBR9902773
909 _a202311
_bLúcia
_c55
_dLúcia Elande
942 _2AGRIS
_n0
_cANA
999 _c161712
_d161712